Best 50 Soccer Players 2026*now - Statistics

General Stats
  • This quiz has been taken 223 times
  • The average score is 38 of 51
Answer Stats
Hint Answer % Correct
ST (Real Madrid) Kylian Mbappe
99%
ST (Man City) Erling Haaland
98%
ST (Bayern) Harry Kane
98%
RW (Barcelona) Lamine Yamal
96%
ST (PSG) Ousmane Dembele
95%
CM (Barcelona) Pedri
93%
LW (Real Madrid) Vinicius Junior
93%
CDM (Arsenal) Declan Rice
92%
RW (Arsenal) Bukayo Saka
91%
LW (Barcelona) Raphinha
91%
CAM (Chelsea) Cole Palmer
89%
CAM (Real Madrid) Jude Bellingham
89%
RB (PSG) Ancraf Hakimi
88%
GK (Man City) Gianluigi Donnarumma
88%
CM (PSG) Vitinha
88%
LB (PSG) Nuno Mendes
86%
ST (Atletico Madrid) Julian Alvarez
85%
ST (Inter) Lautaro Martinez
85%
CB (Arsenal) William Saliba
85%
RW (PSG) Desire Doue
84%
CB (Arsenal) Gabriel Magalhaes
80%
CAM (Bayern) Jamal Musiala
79%
LW (Bayern) Luis Diaz
79%
LW (PSG) Khvicha Kvaratskhelia
78%
GK (Real Madrid) Thibaut Courtois
77%
GK (Arsenal) David Raya
76%
CM (Real Madrid) Fredrick Valverde
76%
CAM (Bayern) Michael Olise
76%
CM (PSG) Joao Neves
72%
CM (Chelsea) Enzo Fernandez
70%
CDM (Bayern) Joshua Kimmich
70%
ST (Liverpool) Alexander Isak
67%
CM (Liverpool) Alexis Mac Allister
66%
CM (Liverpool) Dominik Szoboszlai
66%
CB (Inter) Alessandro Bastoni
65%
CAM (Liverpool) Florian Wirtz
65%
ST (Liverpool) Hugo Ekitike
65%
CAM (Arsenal) Martin Odegaard
65%
CM (Chelsea) Moises Caicedo
65%
CM (Napoli) Scott Mctominay
65%
ST (Galatassary) Victor Osimhen
65%
CM (Barcelona) Frankie De Jong
64%
CB (PSG) Marquinhos
64%
ST (Chelsea) Joao Pedro
59%
CAM (Como) Nico Paz
58%
RW (Chelsea) Estevao
50%
CAM/ST (Arsenal) Eberechi Eze
48%
CAM (Barcelona) Fermin Lopez
48%
GK (Liverpool) Alisson Becker
46%
ST (Arsenal) Victor Gyokeres
10%
CB (Barcelona) Pau Cubarci
6%
No matching quizzes found
Score Distribution
Percent of People with Each Score
Percentile by Number Answered
Your Score History
You have not taken this quiz